Olerdola / por José Ma. Nuix Espinosa
Publicado:
San Jorge, núm. 92 (4rt trimestre 1973), pàg 56 - 62 :
MARC
| LEADER | 00000nam a2200000Ia 4500 | ||
|---|---|---|---|
| 001 | |||
| 008 | 160829s9999 xx 000 0 cat d | ||
| 100 | |a Nuix i Espinosa, Josep M. |9 43457 | ||
| 245 | |a Olerdola / por José Ma. Nuix Espinosa | ||
| 260 | |a San Jorge, núm. 92 (4rt trimestre 1973), pàg 56 - 62 | ||
| 650 | |a Olèrdola (Alt Penedès) |x Arqueologia |9 43458 | ||
| 650 | |a Olèrdola (Alt Penedès) |x Història |9 37273 | ||
| 901 | |a Arxiu | ||
| 942 | |n 1 | ||
| 952 | |0 0 |1 0 |4 0 |7 1 |9 51454 |a Arxiu |b Arxiu |d 2016-12-01 |l 0 |r 2016-12-01 00:00:00 |w 2016-12-01 |y ARXIU | ||
| 999 | |c 55298 |d 55298 | ||